000
00256nam a2200109Ia 4500
008
220204s9999 xx 000 0 und d
082
_a
077
_b
WIN
100
_a
Winwar, D
245
0
_a
Joy of photography
260
_a
Philippines
_b
Eastman
_c
1979
942
_c
BK
999
_c
36261
_d
36261